Construction degrees extinct in 10 years (Record no. 72010)
[ view plain ]
| 000 -LEADER | |
|---|---|
| fixed length control field | 00928cam a2200193 4500 |
| 001 - CONTROL NUMBER | |
| control field | WB3904-02 |
| 008 - FIXED-LENGTH DATA ELEMENTS--GENERAL INFORMATION | |
| fixed length control field | 030130n2003 000 0 eng u |
| 035 ## - SYSTEM CONTROL NUMBER | |
| System control number | (Sirsi) u121183 |
| 245 ## - TITLE STATEMENT | |
| Title | Construction degrees extinct in 10 years |
| 260 ## - PUBLICATION, DISTRIBUTION, ETC. | |
| Date of publication, distribution, etc. | 2003 |
| 490 ## - SERIES STATEMENT | |
| Series statement | Building |
| Volume/sequential designation | 268(8267) 24 January 2003, 11(1) |
| 520 ## - SUMMARY, ETC. | |
| Summary, etc. | "Rethinking construction education", a draft report compiled by the University of Central England claims that construction degrees face extinction within 10 years if the decline in student applications continues. This would have a major effect on the industry and ultimately on the economy. However leading construction academics did not concur with this dire prognosis and were optimistic about the numbers and quality of the applicants. |
| 590 ## - LOCAL NOTE (RLIN) | |
| Local note | WB |
| 650 ## - SUBJECT ADDED ENTRY--TOPICAL TERM | |
| Topical term or geographic name entry element | GRADUATES |
| 650 ## - SUBJECT ADDED ENTRY--TOPICAL TERM | |
| Topical term or geographic name entry element | UNIVERSITIES |
| 650 ## - SUBJECT ADDED ENTRY--TOPICAL TERM | |
| Topical term or geographic name entry element | CAREERS, EDUCATION AND TRAINING |
| 690 ## - LOCAL SUBJECT ADDED ENTRY--TOPICAL TERM (OCLC, RLIN) | |
| Topical term or geographic name as entry element | BUILT ENVIRONMENT |
| 942 ## - ADDED ENTRY ELEMENTS (KOHA) | |
| Suppress in OPAC | 0 |
| Withdrawn status | Lost status | Source of classification or shelving scheme | Damaged status | Not for loan | Home library | Current library | Shelving location | Date acquired | Total Checkouts | Full call number | Barcode | Date last seen | Copy number | Price effective from | Koha item type |
|---|---|---|---|---|---|---|---|---|---|---|---|---|---|---|---|
| Dewey Decimal Classification | London | London | News article | 30/01/2003 | WB3904-02 | 121183-1001 | 06/08/2019 | 1 | 06/08/2019 | News article |